000 00592nam a2200205Ia 4500
003 GCL
008 140319s9999 xx 000 0 ara d
040 _aGCL /
_cGCL
082 0 4 _a812.052
_bن م
100 1 _aنعمان عاشور
245 1 0 _aمع الرواد /
_cنعمان عاشور
260 _a[S.N] :
_bالهيئة المصرية العامة للكتاب ،
_c1987
300 _a160 ص
490 _a
650 0 4 _aالشعر العربى
650 0 4 _aالادب العربى
650 0 4 _aالمقالات العربية
650 0 4 _aالمسرح
942 _2ddc
_cBK
999 _c29520
_d29520